| 000 | 00390nam a2200169Ia 4500 | ||
|---|---|---|---|
| 003 | LK-CoDNM | ||
| 008 | 010623t1989 xxu||||| |||| 00| 1 eng d | ||
| 040 |
_aLK-CoDNM _dLK-CoDNM _eLK-CoDNM |
||
| 041 | _aeng | ||
| 080 | _a22/28 PER | ||
| 100 | _aPerniola,V. | ||
| 245 | _aAbiding in Love | ||
| 260 |
_b _aColombo _c1989 |
||
| 300 | _b58p., 21 cm | ||
| 650 | _aChristianity | ||
| 942 | _cBK | ||
| 999 |
_c114200 _d114200 |
||